[Event "XV C.to Europeo a squadre"]
[Site "Goteborg SWE"]
[Date "2005.08.02"]
[Round "4.1"]
[White "Godena, Michele"]
[Black "Georgiev, Vladimir"]
[Result "0-1"]
[WhiteElo "2522"]
[BlackElo "2532"]
[Annotator "ITA-MKD"]
[PlyCount "82"]
[EventDate "2005.07.30"]

1.e4 c5 2.Nf3 Nc6 3.Bb5 g6 4.Bxc6 dxc6 5.d3 Bg7 6.h3 e5 7.Bg5 Ne7 8.Nbd2 
h6 9.Be3 b6 10.a3 Be6 11.Nc4 Qc7 12.b4 cxb4 13.axb4 O-O 14.O-O f5 15.Qe2 
g5 16.exf5 Bxc4 17.dxc4 Nxf5 18.c3 c5 19.bxc5 bxc5 20.Nd2 e4 21.Nxe4 Rae8 
22.Qd3 Rd8 23.Qc2 Nxe3 24.fxe3 Rxf1+ 25.Rxf1 Qe5 26.Kh1 a5 27.Nf2 Rf8 28.
Rc1 Qxe3 29.Ng4 Qf4 30.Rb1 h5 31.Nh2 g4 32.hxg4 hxg4 33.Qg6 g3 34.Nf3 a4 
35.Qe6+ Qf7 36.Qg4 a3 37.Ra1 Qf6 38.Qxg3 Qxc3 39.Ra2 Qxc4 40.Qf2 Qc1+ 41.
Kh2 Qh6+ 0-1

[Event "XV C.to Europeo a squadre"]
[Site "Goteborg SWE"]
[Date "2005.08.02"]
[Round "4.2"]
[White "Nedev, Trajko"]
[Black "Bruno, Fabio"]
[Result "1-0"]
[WhiteElo "2530"]
[BlackElo "2425"]
[Annotator "ITA-MKD"]
[PlyCount "71"]
[EventDate "2005.07.30"]

1.e4 c5 2.Nf3 e6 3.Nc3 a6 4.d4 cxd4 5.Nxd4 Qc7 6.Bd3 Nf6 7.O-O Nc6 8.Be3 
Ne5 9.h3 b5 10.f4 Nc4 11.Bxc4 Qxc4 12.Qd3 Bb7 13.a4 Qxd3 14.cxd3 b4 15.
Nce2 Be7 16.Nb3 O-O 17.Na5 Bc8 18.Nd4 Ne8 19.Rfc1 Bd8 20.Ndb3 d6 21.Rc4 
Bf6 22.Bd4 e5 23.fxe5 Bxe5 24.Rxb4 Be6 25.Bxe5 dxe5 26.Nc5 Bc8 27.Nc6 Nc7 
28.Nxe5 a5 29.Rb6 f5 30.Rf1 fxe4 31.Rxf8+ Kxf8 32.dxe4 Ke7 33.Kf2 Ne8 34.
Nc4 Nc7 35.Rc6 Ra7 36.Nb6 1-0

[Event "XV C.to Europeo a squadre"]
[Site "Goteborg SWE"]
[Date "2005.08.02"]
[Round "4.3"]
[White "Contin, Daniel"]
[Black "Kizov, Atanas"]
[Result "1/2-1/2"]
[WhiteElo "2393"]
[BlackElo "2418"]
[Annotator "ITA-MKD"]
[PlyCount "130"]
[EventDate "2005.07.30"]

1.c4 e5 2.Nc3 Nf6 3.Nf3 Nc6 4.g3 Nd4 5.Bg2 Nxf3+ 6.Bxf3 Bb4 7.Nd5 Nxd5 8.
cxd5 Bc5 9.e3 O-O 10.O-O d6 11.d4 exd4 12.exd4 Bb6 13.Bg2 Bf5 14.a4 a5 15.
g4 Bd7 16.Ra3 Qf6 17.Rd3 Rae8 18.f4 Qe7 19.Bf3 f5 20.g5 Qf7 21.Bg2 Re7 22.
Bd2 Rfe8 23.Kh1 Re4 24.Qb3 Rxd4 25.Rxd4 Bxd4 26.Bxa5 b6 27.Bc3 Bxc3 28.
Qxc3 Bxa4 29.Ra1 Bb5 30.Ra7 Qe7 31.h4 Qe1+ 32.Qxe1 Rxe1+ 33.Kh2 Re7 34.Kg3
Be2 35.Ra8+ Kf7 36.Kf2 Bg4 37.Rc8 Kg6 38.Bf3 Kh5 39.Ra8 Bxf3 40.Kxf3 Re4 
41.Rf8 Kg6 42.h5+ Kxh5 43.Rxf5 Rc4 44.Rf7 Kg6 45.Re7 h5 46.gxh6 gxh6 47.b3
Rd4 48.Rxc7 Rxd5 49.Ke4 Rb5 50.Rc6 Rb4+ 51.Kd5 Rxb3 52.Rxd6+ Kf5 53.Rxh6 
Kxf4 54.Kc4 Rb1 55.Rh5 Ke4 56.Rh4+ Ke5 57.Rh5+ Kd6 58.Rh6+ Kc7 59.Rh7+ Kc6
60.Rh6+ Kb7 61.Rh8 Rg1 62.Kb5 Rg5+ 63.Kb4 Rg4+ 64.Kb5 Rg5+ 65.Kb4 Rg4+ 
1/2-1/2

[Event "XV C.to Europeo a squadre"]
[Site "Goteborg SWE"]
[Date "2005.08.02"]
[Round "4.4"]
[White "Stamenkov, Vanco"]
[Black "Mogranzini, Roberto"]
[Result "1/2-1/2"]
[WhiteElo "2391"]
[BlackElo "2363"]
[Annotator "ITA-MKD"]
[PlyCount "73"]
[EventDate "2005.07.30"]

1.Nf3 Nf6 2.c4 g6 3.g3 Bg7 4.Bg2 O-O 5.O-O d5 6.cxd5 Nxd5 7.Nc3 Nb6 8.d3 
a5 9.Be3 c6 10.Qb3 N8d7 11.a4 Ra6 12.Rfd1 Nf6 13.Bc5 Nbd5 14.e4 Nb4 15.d4 
Nd7 16.Bxb4 Rb6 17.Na2 axb4 18.Nxb4 Nf6 19.a5 Rb5 20.Qa3 Qd6 21.a6 bxa6 
22.Nxa6 Qxa3 23.Rxa3 Nxe4 24.Ne5 Bxe5 25.dxe5 Ng5 26.f4 Nh3+ 27.Bxh3 Bxh3 
28.Rd2 f6 29.exf6 exf6 30.Re3 Rf7 31.Rc3 Ra5 32.Nc5 Ra1+ 33.Kf2 Re7 34.Re3
Kf7 35.Rxe7+ Kxe7 36.Ke3 Bf5 37.Kd4 1/2-1/2

[Event "XV C.to Europeo a squadre"]
[Site "Goteborg SWE"]
[Date "2005.08.03"]
[Round "5.1"]
[White "Godena, Michele"]
[Black "Atakisi, Umut"]
[Result "1-0"]
[WhiteElo "2522"]
[BlackElo "2437"]
[Annotator "ITA-TUR"]
[PlyCount "73"]
[EventDate "2005.07.30"]

1.e4 c5 2.Nf3 Nc6 3.c3 Nf6 4.e5 Nd5 5.Bc4 Nb6 6.Be2 g6 7.d4 cxd4 8.cxd4 
Bg7 9.Bf4 d6 10.exd6 exd6 11.Nc3 O-O 12.Bg5 Qe8 13.O-O Bg4 14.h3 Bxf3 15.
Bxf3 Qd7 16.Ne2 Rfe8 17.Rc1 Rac8 18.Qd2 Rc7 19.Bg4 f5 20.Bf3 Rec8 21.Rc3 
Qf7 22.Rfc1 Nd5 23.R3c2 Nf6 24.Kh1 d5 25.Bxf6 Bxf6 26.Nf4 Rd7 27.Nd3 Re8 
28.Nc5 Rd6 29.Nxb7 Rd7 30.Rxc6 Rxb7 31.Rxf6 Qxf6 32.Bxd5+ Rf7 33.Rc7 Re7 
34.Rxe7 Qxe7 35.Qe3 Qc7 36.Qe8+ Kg7 37.Qxf7+ 1-0

[Event "XV C.to Europeo a squadre"]
[Site "Goteborg SWE"]
[Date "2005.08.03"]
[Round "5.2"]
[White "Haznedaroglu, Kivanc"]
[Black "D'Amore, Carlo"]
[Result "0-1"]
[WhiteElo "2430"]
[BlackElo "2463"]
[Annotator "ITA-TUR"]
[PlyCount "58"]
[EventDate "2005.07.30"]

1.e4 e5 2.d4 exd4 3.Qxd4 Nc6 4.Qe3 Nf6 5.Nc3 Bb4 6.Bd2 O-O 7.O-O-O Re8 8.
Qg3 d6 9.f3 Ne5 10.h4 Kh8 11.h5 h6 12.Qh2 c6 13.g4 Nh7 14.Qg3 b5 15.Nh3 f6
16.Nf4 Kg8 17.Ng6 Rb8 18.Nxe5 dxe5 19.Bxh6 Qa5 20.Be3 Bxc3 21.bxc3 b4 22.
Kd2 Qxa2 23.Bd3 Ba6 24.c4 Rbd8 25.Ke1 b3 26.Qf2 b2 27.Kd2 Rxd3+ 28.Kxd3 
Qxc4+ 29.Kd2 Rd8+ 0-1

[Event "XV C.to Europeo a squadre"]
[Site "Goteborg SWE"]
[Date "2005.08.03"]
[Round "5.3"]
[White "Bruno, Fabio"]
[Black "Erdogdu, Mert"]
[Result "1-0"]
[WhiteElo "2425"]
[BlackElo "2403"]
[Annotator "ITA-TUR"]
[PlyCount "63"]
[EventDate "2005.07.30"]

1.Nf3 Nf6 2.c4 g6 3.b4 Bg7 4.Bb2 O-O 5.e3 d6 6.Be2 e5 7.d4 exd4 8.Nxd4 Ne4
9.Nc3 Nxc3 10.Bxc3 c5 11.bxc5 dxc5 12.Nb5 Bxc3+ 13.Nxc3 Qa5 14.Qb3 Be6 15.
O-O Nd7 16.Ne4 Qc7 17.f4 h6 18.Rad1 f5 19.Nd6 Nb6 20.Rd2 Rad8 21.Rfd1 Kh7 
22.a4 Rd7 23.a5 Nc8 24.Nxb7 Rff7 25.Bf3 Rxd2 26.Rxd2 Rd7 27.Rxd7+ Bxd7 28.
Qd3 Bc6 29.Bxc6 Qxc6 30.Qd5 Qxd5 31.cxd5 c4 32.Kf2 1-0

[Event "XV C.to Europeo a squadre"]
[Site "Goteborg SWE"]
[Date "2005.08.03"]
[Round "5.4"]
[White "Esen, Baris"]
[Black "Contin, Daniel"]
[Result "1/2-1/2"]
[WhiteElo "2301"]
[BlackElo "2393"]
[Annotator "ITA-TUR"]
[PlyCount "93"]
[EventDate "2005.07.30"]

1.d4 e6 2.c4 Nf6 3.Nc3 Bb4 4.Qc2 O-O 5.a3 Bxc3+ 6.Qxc3 b6 7.Bg5 c5 8.dxc5 
bxc5 9.e3 Nc6 10.Bd3 Rb8 11.Ne2 h6 12.Bh4 Qe7 13.O-O-O Rd8 14.g4 g5 15.Bg3
e5 16.h4 d6 17.hxg5 hxg5 18.f4 Bxg4 19.fxg5 Nh5 20.Rdg1 e4 21.Bf4 exd3 22.
Rxg4 dxe2 23.Rxh5 Ne5 24.Rg1 Qb7 25.Bxe5 dxe5 26.Qxe5 Rd1+ 27.Rxd1 Qxb2+ 
28.Qxb2 exd1=Q+ 29.Kxd1 Rxb2 30.g6 Rb3 31.gxf7+ Kxf7 32.Rxc5 Rxa3 33.Ke2 
Ke6 34.Kf3 Kd6 35.Rd5+ Kc6 36.Ke4 a5 37.Kd4 Ra1 38.Rc5+ Kd6 39.Rh5 Rd1+ 
40.Kc3 Rc1+ 41.Kb3 Re1 42.Rxa5 Rxe3+ 43.Kb4 Kc6 44.Ra6+ Kb7 45.Rh6 Re5 46.
Rg6 Rh5 47.Rg7+ 1/2-1/2

[Event "XV C.to Europeo a squadre"]
[Site "Goteborg SWE"]
[Date "2005.08.04"]
[Round "6.1"]
[White "Nyback, Tomi"]
[Black "Godena, Michele"]
[Result "1-0"]
[WhiteElo "2571"]
[BlackElo "2522"]
[Annotator "ITA-FIN"]
[PlyCount "57"]
[EventDate "2005.07.30"]

1.d4 Nf6 2.c4 e6 3.Nf3 d5 4.Nc3 c6 5.Bg5 h6 6.Bh4 dxc4 7.e4 g5 8.Bg3 b5 9.
Be2 Bb7 10.h4 g4 11.Ne5 Nbd7 12.Nxd7 Nxd7 13.Bxg4 Qb6 14.O-O Bg7 15.d5 
cxd5 16.exd5 O-O 17.dxe6 Nf6 18.e7 Rfe8 19.Re1 b4 20.Na4 Qb5 21.Bd6 Ne4 
22.Rxe4 Bxe4 23.Nc5 Bc6 24.Bh5 Qb6 25.Qg4 Bf3 26.Bxf7+ Kh8 27.Qf4 Bc6 28.
Be5 Bb5 29.Ne6 1-0

[Event "XV C.to Europeo a squadre"]
[Site "Goteborg SWE"]
[Date "2005.08.04"]
[Round "6.2"]
[White "D'Amore, Carlo"]
[Black "Karttunen, Mika"]
[Result "1-0"]
[WhiteElo "2463"]
[BlackElo "2409"]
[Annotator "ITA-FIN"]
[PlyCount "93"]
[EventDate "2005.07.30"]

1.Nf3 c5 2.g3 Nc6 3.Bg2 g6 4.O-O Bg7 5.e4 e5 6.d3 Nge7 7.Nfd2 O-O 8.Nc3 d6
9.Nc4 Be6 10.Nd5 Qd7 11.f4 Bg4 12.Qd2 exf4 13.Nxf4 Rae8 14.c3 Qd8 15.Qc2 
Kh8 16.Bd2 Bc8 17.Rae1 f5 18.Ne3 fxe4 19.dxe4 Ne5 20.Bc1 Qa5 21.a3 c4 22.
Rd1 Rd8 23.Kh1 Ng8 24.h3 Rfe8 25.Rd5 Qa6 26.Rd4 Bd7 27.Qe2 b5 28.Qd1 Bc8 
29.Ned5 Qb7 30.Be3 Qb8 31.Rd2 Bb7 32.Bd4 Bc6 33.Qe2 Qb7 34.Qf2 Ra8 35.g4 
Nh6 36.Qh4 Bxd5 37.exd5 Qe7 38.Qg3 Qg5 39.Kh2 Kg8 40.Re2 Qe7 41.Ne6 Nhf7 
42.Ref2 Nd8 43.Nxg7 Qxg7 44.g5 Qe7 45.h4 Nd3 46.Rf6 Nb7 47.h5 1-0

[Event "XV C.to Europeo a squadre"]
[Site "Goteborg SWE"]
[Date "2005.08.04"]
[Round "6.3"]
[White "Maki-Uuro, Miikka"]
[Black "Bruno, Fabio"]
[Result "1/2-1/2"]
[WhiteElo "2390"]
[BlackElo "2425"]
[Annotator "ITA-FIN"]
[PlyCount "29"]
[EventDate "2005.07.30"]

1.Nf3 d5 2.d4 Nf6 3.c4 c6 4.Nc3 e6 5.Bg5 Nbd7 6.e3 Qa5 7.Nd2 Bb4 8.Qc2 O-O
9.Be2 c5 10.Nb3 Qa4 11.Bxf6 Nxf6 12.O-O Bxc3 13.Qxc3 Ne4 14.Qd3 dxc4 15.
Qxc4 1/2-1/2

[Event "XV C.to Europeo a squadre"]
[Site "Goteborg SWE"]
[Date "2005.08.04"]
[Round "6.4"]
[White "Mogranzini, Roberto"]
[Black "Nyysti, Sampsa"]
[Result "1/2-1/2"]
[WhiteElo "2363"]
[BlackElo "2344"]
[Annotator "ITA-FIN"]
[PlyCount "62"]
[EventDate "2005.07.30"]

1.e4 e5 2.Nf3 Nc6 3.Bb5 a6 4.Ba4 Nf6 5.Qe2 b5 6.Bb3 Bc5 7.c3 d6 8.O-O O-O 
9.d3 h6 10.Be3 Bxe3 11.Qxe3 Na5 12.Bc2 c5 13.Nbd2 Qc7 14.Rac1 Nc6 15.Bb3 
Re8 16.Nh4 Na5 17.Bd1 d5 18.Qg3 c4 19.b4 cxb3 20.axb3 b4 21.c4 dxe4 22.
Nxe4 Nxe4 23.dxe4 Nc6 24.Re1 Nd4 25.Nf3 Nxf3+ 26.Bxf3 Be6 27.Bg4 Bxg4 28.
Qxg4 Rad8 29.Qe2 Qc5 30.Ra1 Re6 31.Red1 Rd4 1/2-1/2

[Event "XV C.to Europeo a squadre"]
[Site "Goteborg SWE"]
[Date "2005.08.05"]
[Round "7.1"]
[White "D'Amore, Carlo"]
[Black "Nielsen, Peter Heine"]
[Result "0-1"]
[WhiteElo "2463"]
[BlackElo "2668"]
[Annotator "ITA-DEN"]
[PlyCount "104"]
[EventDate "2005.07.30"]

1.Nf3 Nf6 2.g3 d5 3.Bg2 e6 4.O-O Be7 5.d3 c5 6.Nbd2 Nc6 7.e4 O-O 8.Re1 b5 
9.exd5 Nxd5 10.a4 b4 11.Nb3 Bb7 12.Nfd2 Rc8 13.Qg4 Nd4 14.Nxd4 cxd4 15.Nc4
Nf6 16.Qe2 Bxg2 17.Kxg2 b3 18.cxb3 Rb8 19.Qf3 Rxb3 20.Bg5 Nd7 21.Bxe7 Qxe7
22.Na5 Rxb2 23.Nc6 Qc5 24.Rec1 Qb6 25.a5 Qa6 26.Rc4 Nf6 27.Ne7+ Kh8 28.Qc6
Qxc6+ 29.Nxc6 Ng4 30.Rxd4 Ne3+ 31.Kf3 Nc2 32.Raa4 Nxd4+ 33.Rxd4 Rb7 34.Rd6
g6 35.h4 Kg7 36.Ke4 Rc8 37.d4 Rcc7 38.f3 Rb1 39.Nd8 Rb5 40.Ra6 Rd5 41.g4 
h6 42.g5 h5 43.Ke3 Kf8 44.Ke4 Ke7 45.Nc6+ Kd7 46.Ne5+ Kc8 47.Nxf7 Rxf7 48.
Rxe6 Rfd7 49.Rxg6 Rxd4+ 50.Ke3 Rxh4 51.Rh6 Rg7 52.g6 Kd8 0-1

[Event "XV C.to Europeo a squadre"]
[Site "Goteborg SWE"]
[Date "2005.08.05"]
[Round "7.3"]
[White "Contin, Daniel"]
[Black "Palo, Davor"]
[Result "0-1"]
[WhiteElo "2393"]
[BlackElo "2519"]
[Annotator "ITA-DEN"]
[PlyCount "64"]
[EventDate "2005.07.30"]

1.Nf3 Nf6 2.c4 c6 3.g3 d5 4.b3 dxc4 5.bxc4 e5 6.Nc3 Bd6 7.Bg2 O-O 8.O-O 
Nbd7 9.Qc2 Re8 10.Rb1 h6 11.d3 Qe7 12.Nd2 Nc5 13.Nb3 Bf5 14.Nxc5 Bxc5 15.
Na4 Bd6 16.c5 Bb8 17.e4 Bc8 18.f4 Bc7 19.Kh1 Rb8 20.Be3 Rd8 21.Rbd1 Bg4 
22.Rd2 exf4 23.gxf4 Nd5 24.exd5 Qxe3 25.dxc6 bxc6 26.Bxc6 Rb4 27.Rg2 Rxf4 
28.Rxf4 Qxf4 29.Rf2 Qe3 30.Nb2 Be5 31.Be4 Bd4 32.Rg2 Qe1+ 0-1

[Event "XV C.to Europeo a squadre"]
[Site "Goteborg SWE"]
[Date "2005.08.05"]
[Round "7.4"]
[White "Hansen, Sune Berg"]
[Black "Mogranzini, Roberto"]
[Result "1-0"]
[WhiteElo "2568"]
[BlackElo "2363"]
[Annotator "ITA-DEN"]
[PlyCount "147"]
[EventDate "2005.07.30"]

1.e4 c5 2.Nf3 e6 3.d4 cxd4 4.Nxd4 a6 5.Nc3 Qc7 6.Bd3 Nc6 7.Nxc6 dxc6 8.O-O
e5 9.f4 Nf6 10.Kh1 Bd6 11.f5 b5 12.a4 Bb7 13.Qe2 Bc5 14.Bd2 Rd8 15.Nd1 h5 
16.Rf3 Qd6 17.Qe1 Ng4 18.h3 Rd7 19.Qh4 Qd4 20.Rf1 Be7 21.Qe1 Bc5 22.Rb1 
Bb6 23.b3 Qd6 24.Qg3 Nf6 25.Bc3 Bc7 26.Nf2 h4 27.Qe3 Nh5 28.Rfd1 Ng3+ 29.
Kg1 Qe7 30.Ng4 Bd6 31.Qf3 Bc5+ 32.Kh2 f6 33.Be1 Kd8 34.b4 Bb6 35.Ne3 Kc8 
36.Ra1 Rhd8 37.Nf1 Nxf1+ 38.Qxf1 Kb8 39.Qf3 Rh8 40.Qg4 Bc8 41.Qe2 g6 42.
fxg6 Qg7 43.axb5 cxb5 44.c4 Qxg6 45.cxb5 Rg7 46.Qf3 axb5 47.Ra2 Bb7 48.Re2
Rd7 49.Rdd2 Bc6 50.Rc2 Kb7 51.Rxc6 Kxc6 52.Rc2+ Kb7 53.Bxb5 Rd6 54.Bc4 Kb8
55.Ra2 Rh7 56.Bd5 Ra7 57.Rxa7 Bxa7 58.Bxh4 Qh6 59.Bg3 Qc1 60.h4 Qg1+ 61.
Kh3 Qe3 62.Qg4 Qb6 63.h5 Rd8 64.Qg7 Qc7 65.Qxf6 Bd4 66.Bh4 Re8 67.b5 Bg1 
68.Qc6 Qc8+ 69.g4 Be3 70.Bf6 Qxc6 71.bxc6 Bf4 72.g5 Kc7 73.h6 Ra8 74.h7 
1-0

[Event "V Memorial Don Pietro Carrera A"]
[Site "Catania ITA"]
[Date "2005.07.31"]
[Round "1"]
[White "Forlano, Luigi"]
[Black "Santagati, Alessandro"]
[Result "1-0"]
[WhiteElo "1909"]
[BlackElo "2092"]
[PlyCount "59"]
[EventDate "2005.07.31"]

1. c4 e5 2. Nc3 Nf6 3. g3 Bb4 4. Nd5 Nxd5 5. cxd5 O-O 6. a3 Ba5 7. Bg2 f5 8. b4
Bb6 9. e3 f4 10. Bb2 d6 11. gxf4 exf4 12. Qc2 Nd7 13. Nf3 Qe7 14. O-O-O Ne5 15.
Nxe5 dxe5 16. Qe4 a5 17. Bf1 axb4 18. Bc4 Qc5 19. axb4 Qxb4 20. Rhg1 Bf5 21.
Rxg7+ Kh8 22. Rg8+ Kxg8 23. d6+ Kg7 24. Qxe5+ Kg6 25. Rg1+ Kh5 26. Be2+ Kh4 27.
Qe7+ Kh3 28. Bf1+ Kxh2 29. Rg2+ Kh3 30. Rg7+ 1-0

[Event "V Memorial Don Pietro Carrera A"]
[Site "Catania ITA"]
[Date "2005.08.05"]
[Round "6"]
[White "Naumkin, Igor"]
[Black "Arrabito, Gianfranco"]
[Result "1-0"]
[WhiteElo "2444"]
[BlackElo "1862"]
[PlyCount "133"]
[EventDate "2005.07.31"]

1. d4 Nf6 2. c4 e6 3. Nf3 b6 4. g3 Bb7 5. Bg2 Be7 6. Nc3 O-O 7. Qc2 d5 8. cxd5
exd5 9. O-O Nbd7 10. Bf4 Bd6 11. Rad1 Qe7 12. e3 a6 13. a3 Rac8 14. Rfe1 Ne4
15. Ne2 c5 16. Bxd6 Qxd6 17. dxc5 Qxc5 18. Qxc5 bxc5 19. Nf4 Nb6 20. Nd2 Nf6
21. Rc1 Rc7 22. Rc2 Ba8 23. Rec1 Rfc8 24. h4 h6 25. Bh3 Nbd7 26. Bg2 Ne5 27.
Nf3 Nc4 28. Nd3 Ne4 29. Nfe5 Ned6 30. Nxc4 Nxc4 31. Nf4 Nb6 32. Bh3 Rb8 33.
Rxc5 Rxc5 34. Rxc5 Na4 35. Rc8+ Rxc8 36. Bxc8 a5 37. Nd3 Nb6 38. Ba6 Bc6 39.
Kf1 Kf8 40. Ke1 Ke7 41. Kd2 Kd6 42. Kc3 Na4+ 43. Kd4 f6 44. b3 Nb6 45. Nc5 Na8
46. Bd3 Nc7 47. a4 Be8 48. Bc2 Bc6 49. Bg6 Ke7 50. f4 Kd6 51. f5 Ke7 52. Bh5
Kd6 53. Be2 Ke7 54. g4 Kd6 55. Bf3 Ke7 56. Nd3 Kd6 57. Nf4 Na6 58. Nh5 Nc5 59.
Bd1 Nd7 60. Nxg7 Ke7 61. Ne6 Kd6 62. g5 fxg5 63. hxg5 hxg5 64. Nxg5 Ke7 65. Ne6
Kf6 66. Bc2 Ne5 67. Nf4 1-0

[Event "V Festival A"]
[Site "Savigliano ITA"]
[Date "2005.05.15"]
[Round "6"]
[White "Godena, Michele"]
[Black "Saccona, Silvano"]
[Result "1/2-1/2"]
[WhiteElo "2527"]
[BlackElo "2111"]
[PlyCount "122"]
[EventDate "2005.05.12"]

1. e4 c6 2. d4 d5 3. Nd2 dxe4 4. Nxe4 Nf6 5. Nxf6+ exf6 6. c3 Bd6 7. Bd3 O-O 8.
Ne2 Re8 9. O-O Qc7 10. Ng3 Nd7 11. Re1 Rd8 12. Nf5 Nf8 13. Nxd6 Qxd6 14. Bc2
Be6 15. Qf3 Qd5 16. Qxd5 Rxd5 17. Be3 Rd7 18. Rad1 Ng6 19. b3 Nh4 20. Bd3 Bd5
21. f3 Bxf3 22. gxf3 Nxf3+ 23. Kf2 Nxe1 24. Rxe1 g6 25. Bh6 b5 26. Be4 Rd6 27.
Bf3 Re6 28. Rxe6 fxe6 29. Bxc6 Rb8 30. Be3 Kg7 31. a4 a6 32. axb5 axb5 33. d5
exd5 34. Bxd5 Rc8 35. Bd4 g5 36. Be4 h5 37. b4 Kf7 38. Bd3 Rb8 39. Bf5 Ke7 40.
Kf3 Kd6 41. Bg6 h4 42. Kg4 Ke6 43. Bf5+ Kf7 44. Bc2 Rd8 45. Bd3 Rd5 46. Be4 Rd6
47. Kf5 Ra6 48. Bd5+ Ke7 49. h3 Kd6 50. Bf3 Ke7 51. Bd5 Ra1 52. Bxf6+ Kd6 53.
Bg8 Rf1+ 54. Kg6 g4 55. Bxh4 gxh3 56. Bg3+ Ke7 57. Kh5 Rg1 58. Kh4 h2 59. Bxh2
Rxg8 60. Be5 Ke6 61. Bd4 Kf5 1/2-1/2

[Event "V Open"]
[Site "Condino ITA"]
[Date "2005.08.01"]
[Round "2"]
[White "Rotstein, Arkadij"]
[Black "Volpinari, Danilo"]
[Result "1-0"]
[WhiteElo "2520"]
[BlackElo "2041"]
[PlyCount "101"]
[EventDate "2005.07.31"]

1. d4 d5 2. c4 e6 3. Nc3 Nf6 4. cxd5 exd5 5. Bg5 Nbd7 6. e3 Be7 7. Bd3 c6 8.
Nge2 O-O 9. O-O Re8 10. Qc2 Nf8 11. h3 g6 12. Rab1 Ne6 13. Bh4 Ng7 14. b4 a6
15. f3 Bf5 16. Bf2 Bxd3 17. Qxd3 Qd7 18. e4 dxe4 19. fxe4 Rad8 20. Qf3 Rf8 21.
a4 Nfe8 22. b5 axb5 23. axb5 f5 24. e5 Nc7 25. bxc6 bxc6 26. Rb7 Rb8 27. Rfb1
Rxb7 28. Rxb7 Nge6 29. Rb6 Nd5 30. Nxd5 cxd5 31. Qb3 Rc8 32. Nc3 Rc4 33. Rb8+
Kf7 34. Nb5 Rb4 35. Qd3 Nf4 36. Qf1 Ne6 37. Be1 Rc4 38. Bc3 Qc6 39. Qf3 Ng5 40.
Qe3 Ne6 41. Qh6 Nf8 42. Nd6+ Bxd6 43. exd6 Qxd6 44. Rb7+ Ke8 45. Bb2 Rc2 46.
Qg7 Re2 47. Qf7+ Kd8 48. Bc3 Ra2 49. Rb8+ Qxb8 50. Qxf8+ Kc7 51. Qc5+ 1-0

[Event "V Open"]
[Site "Condino ITA"]
[Date "2005.08.06"]
[Round "7"]
[White "Pedini, Dario"]
[Black "Orel, Simona"]
[Result "1-0"]
[WhiteElo "1888"]
[BlackElo "2017"]
[PlyCount "79"]
[EventDate "2005.07.31"]

1. e4 c6 2. d4 d5 3. exd5 cxd5 4. Nf3 Nc6 5. c3 Nf6 6. Bd3 g6 7. h3 Bg7 8. Bf4
O-O 9. O-O Re8 10. Re1 Qb6 11. Qb3 Qxb3 12. axb3 a6 13. b4 Bd7 14. Nbd2 Bf5 15.
Bf1 Ne4 16. Nb3 Rad8 17. Ne5 Nxe5 18. dxe5 f6 19. f3 Ng5 20. b5 Ne6 21. Bh2
fxe5 22. Bxe5 Bxe5 23. Rxe5 axb5 24. Bxb5 Rf8 25. Ra7 b6 26. g4 Ng5 27. Rexe7
Nxf3+ 28. Kg2 Ng5 29. gxf5 Rxf5 30. Nd4 Rf6 31. h4 Nf7 32. Bd7 Nd6 33. Be6+ Kf8
34. Rxh7 Ke8 35. Rae7+ Kf8 36. Nc6 Nf7 37. Rhxf7+ Rxf7 38. Rxf7+ Ke8 39. Rg7
Ra8 40. Rg8# 1-0

[Event "VIII Weekend A Primavera"]
[Site "Genova ITA"]
[Date "2005.03.20"]
[Round "4"]
[White "Perissinotto, Claudio"]
[Black "Gardini, Enrico"]
[Result "1-0"]
[WhiteElo "2100"]
[BlackElo "1723"]
[PlyCount "55"]
[EventDate "2005.03.18"]

1. e4 d5 2. exd5 Qxd5 3. Nc3 Qd8 4. d4 Nf6 5. Nf3 Bg4 6. h3 Bh5 7. g4 Bg6 8.
Ne5 e6 9. Bg2 c6 10. h4 Nd5 11. Nxd5 exd5 12. h5 f6 13. hxg6 fxe5 14. Rxh7 Rxh7
15. gxh7 Qh4 16. Qd3 g5 17. Qg6+ Kd7 18. Qf5+ Kc7 19. Qxe5+ Bd6 20. h8=Q Bxe5
21. Qxe5+ Kb6 22. Qxg5 Qh2 23. Qd8+ Ka6 24. Bf1+ b5 25. Bd2 Qh7 26. O-O-O Kb7
27. Bd3 Qg7 28. Bf5 1-0

[Event "V Memorial Corrado Bitti A"]
[Site "Laconi ITA"]
[Date "2005.08.06"]
[Round "1"]
[White "Artizzu, Giulio"]
[Black "Pais, Mario"]
[Result "1-0"]
[WhiteElo "2115"]
[BlackElo "1720"]
[PlyCount "53"]
[EventDate "2005.08.06"]

1.e4 d5 2.Nc3 d4 3.Nce2 e5 4.f4 Nc6 5.Nf3 Bg4 6.fxe5 Bxf3 7.gxf3 Nxe5 8.
Ng3 Qh4 9.Bg2 d3 10.O-O Bc5+ 11.Kh1 Nh6 12.b4 Bb6 13.Nf5 Nxf5 14.exf5 O-O 
15.Bb2 Nc4 16.Bc3 Nd6 17.f6 Nf5 18.Qe1 Qf4 19.Be5 Qh6 20.Qe4 Nd6 21.Qg4 
Qg6 22.cxd3 Rad8 23.fxg7 Rfe8 24.Rae1 Qxd3 25.f4 Qg6 26.Qh3 Rxe5 27.fxe5 
1-0

[Event "V Memorial Corrado Bitti A"]
[Site "Laconi ITA"]
[Date "2005.08.06"]
[Round "1"]
[White "Biondelli, Marco"]
[Black "Deruda, Leonardo"]
[Result "0-1"]
[WhiteElo "1538"]
[BlackElo "1820"]
[PlyCount "60"]
[EventDate "2005.08.06"]

1.d4 Nf6 2.c4 c5 3.d5 b5 4.cxb5 a6 5.Nc3 Qa5 6.e3 d6 7.bxa6 Bxa6 8.Bxa6 
Qxa6 9.Nge2 g6 10.O-O Bg7 11.Qc2 Nbd7 12.e4 Ne5 13.Bf4 Nd3 14.Rfd1 c4 15.
h3 O-O 16.Be3 Rfb8 17.Bc1 Nd7 18.Nf4 N7c5 19.f3 Nxf4 20.Bxf4 Nd3 21.Bc1 
Qb6+ 22.Kf1 Qd4 23.Rb1 Qe5 24.Kg1 Qg3 25.Rxd3 cxd3 26.Qxd3 Qe1+ 27.Kh2 Qh4
28.g3 Qh5 29.a3 Rb3 30.f4 Rab8 0-1

[Event "V Memorial Corrado Bitti A"]
[Site "Laconi ITA"]
[Date "2005.08.06"]
[Round "1"]
[White "Caramia, Antonio"]
[Black "Dessy, Eugenio"]
[Result "1-0"]
[WhiteElo "1814"]
[BlackElo "1530"]
[PlyCount "61"]
[EventDate "2005.08.06"]

1.e4 d5 2.exd5 Nf6 3.Nf3 Bg4 4.Be2 c6 5.dxc6 Nxc6 6.Nc3 e6 7.d3 Bc5 8.O-O 
O-O 9.Bg5 Be7 10.h3 Bh5 11.Qd2 Qa5 12.a3 Rad8 13.b4 Qb6 14.b5 Na5 15.Be3 
Qc7 16.Na4 Rc8 17.Rfc1 Rfd8 18.Bxa7 Ne4 19.Qe1 Nxf2 20.Bxf2 Rd5 21.Bb6 
Bc5+ 22.Bxc5 Rxc5 23.Nxc5 Qxc5+ 24.Qf2 Qe7 25.Rab1 g5 26.Nh2 Bxe2 27.Qxe2 
Qc5+ 28.Qf2 Qxa3 29.Qf6 Rc5 30.Ng4 Nb3 31.Nh6+ 1-0

[Event "V Memorial Corrado Bitti A"]
[Site "Laconi ITA"]
[Date "2005.08.06"]
[Round "1"]
[White "Caredda, Giuseppe"]
[Black "Collu, Giuseppe"]
[Result "0-1"]
[WhiteElo "1409"]
[BlackElo "1814"]
[PlyCount "48"]
[EventDate "2005.08.06"]

1.e4 e5 2.Nf3 Nc6 3.Bb5 a6 4.Ba4 Nf6 5.O-O Be7 6.Re1 b5 7.Bb3 d6 8.c3 O-O 
9.d4 Re8 10.Ng5 d5 11.dxe5 Nxe5 12.exd5 Nfg4 13.Nf3 Nxf3+ 14.Qxf3 Nxh2 15.
Qe4 Bd7 16.Bc2 f5 17.Qd3 Ng4 18.Bd2 Bc5 19.Rxe8+ Qxe8 20.Kf1 Bxf2 21.Na3 
Bc5 22.g3 Qh5 23.Ke1 Re8+ 24.Kf1 Qh1# 0-1

[Event "V Memorial Corrado Bitti A"]
[Site "Laconi ITA"]
[Date "2005.08.06"]
[Round "1"]
[White "Carta, Francesco"]
[Black "Fenu, Salvatore"]
[Result "0-1"]
[WhiteElo "1565"]
[BlackElo "1844"]
[PlyCount "64"]
[EventDate "2005.08.06"]

1.e4 c5 2.c4 Nc6 3.Nf3 g6 4.Nc3 Bg7 5.d3 d6 6.Be2 Nf6 7.O-O O-O 8.Bg5 h6 
9.Be3 Ng4 10.h3 Nxe3 11.fxe3 e5 12.Qe1 Be6 13.Nh4 Kh7 14.a3 Qg5 15.Qf2 f5 
16.Nf3 Qf6 17.Nd5 Bxd5 18.cxd5 Ne7 19.Nd2 f4 20.Nc4 Nc8 21.Bg4 Nb6 22.Na5 
Qe7 23.Be6 h5 24.Kh1 Bh6 25.Qe2 fxe3 26.b4 cxb4 27.axb4 Rxf1+ 28.Rxf1 Rf8 
29.Rxf8 Qxf8 30.Nxb7 Qf2 31.Bg4 hxg4 32.Qxg4 e2 0-1

[Event "V Memorial Corrado Bitti A"]
[Site "Laconi ITA"]
[Date "2005.08.06"]
[Round "1"]
[White "Figus, Maurizio"]
[Black "Boi, Paolo"]
[Result "1-0"]
[WhiteElo "1877"]
[BlackElo "1592"]
[PlyCount "49"]
[EventDate "2005.08.06"]

1.e4 c6 2.d3 d5 3.Nd2 e5 4.Ngf3 Bd6 5.g3 Nf6 6.Bg2 O-O 7.O-O Bg4 8.Re1 Re8
9.h3 Bh5 10.g4 Bg6 11.Nh2 dxe4 12.dxe4 b5 13.a4 Qc7 14.Ndf1 Nbd7 15.Ng3 
Nf8 16.Nf5 Bc5 17.h4 h6 18.h5 Bh7 19.Qf3 Be7 20.Bxh6 gxh6 21.Nxh6+ Kg7 22.
g5 Bd8 23.gxf6+ Kxh6 24.Qe3+ Kxh5 25.Ng4 1-0

[Event "V Memorial Corrado Bitti A"]
[Site "Laconi ITA"]
[Date "2005.08.06"]
[Round "1"]
[White "Lommers, Frank"]
[Black "Lai, Silvia"]
[Result "1-0"]
[WhiteElo "2204"]
[BlackElo "1748"]
[PlyCount "37"]
[EventDate "2005.08.06"]

1.e4 d5 2.exd5 Qxd5 3.Nc3 Qd6 4.d4 Nf6 5.Nf3 a6 6.Ne5 Nc6 7.Nxc6 Qxc6 8.d5
Qd6 9.Qd4 e6 10.Bf4 Qd8 11.O-O-O Nxd5 12.Bc4 c6 13.Rhe1 Qf6 14.Be5 Qh6+ 
15.Rd2 f6 16.Nxd5 cxd5 17.Bf4 Qg6 18.Bxd5 Be7 19.Bxb7 1-0